[Event "CZE-chT2d 0607"]
[Site "Czech Republic"]
[Date "2007.03.11"]
[Round "9"]
[White "Jelinek, Vaclav"]
[Black "Fojtach, Ivan"]
[Result "0-1"]
[WhiteElo "2130"]
[BlackElo "2025"]
[PlyCount "160"]
[EventDate "2006.10.15"]
[EventType "team"]
[EventRounds "11"]
[EventCountry "CZE"]
[SourceTitle "EXT 2009"]
[Source "ChessBase"]
[SourceDate "2008.11.26"]
[SourceVersion "1"]
[SourceVersionDate "2008.11.26"]
[SourceQuality "1"]

1. g3 e5 2. Bg2 d5 3. d3 Bd6 4. Nf3 Ne7 5. 0-0 0-0 6. e4 dxe4 7. dxe4 f6 8. Nbd2 Be6 9. Qe2 Bc5 10. Nc4 Qe8 11. Ne3 Nd7 12. Bd2 Qf7 13. b3 Rfd8 14. c4 Nc6 15. Nf5 Qh5 16. N3d4 Qxe2 17. Nxe2 Nf8 18. Rad1 g6 19. Ne3 Nd4 20. Nxd4 Bxd4 21. Bf3 Kf7 22. Nd5 Bh3 23. Rfe1 c6 24. Nb4 Ne6 25. Nc2 Bb6 26. Be3 Bxe3 27. Nxe3 Nd4 28. Bg2 Be6 29. Kf1 a5 30. Rd2 Ke7 31. Red1 c5 32. Nd5+ Bxd5 33. cxd5 a4 34. Rb2 axb3 35. axb3 b5 36. Ke1 Ra3 37. Rdb1 Rda8 38. Kd2 Ra1 39. Bf1 Rxb1 40. Rxb1 Ra2+ 41. Ke3 Ra3 42. Rb2 c4 43. Kd2 Nxb3+ 44. Kc3 Nd4+ 45. Kb4 Rb3+ 46. Rxb3 Nxb3 47. f4 Kd6 48. h4 f5 49. exf5 gxf5 50. Bh3 e4 51. Bxf5 e3 52. Bg4 Nd4 53. Kc3 Kxd5 54. f5 b4+ 55. Kxb4 e2 56. Bxe2 Nxe2 57. g4 c3 58. Kb3 Ke5 59. Kc2 Kf4 60. f6 Kxg4 61. f7 Nd4+ 62. Kxc3 Ne6 63. Kc4 Kxh4 64. Kd5 Nf8 65. Kd6 Kg5 66. Ke5 h6 67. Ke4 Kf6 68. Kf4 Kxf7 69. Kf5 Nd7 70. Kg4 Kg6 71. Kh4 Ne5 72. Kg3 Kg5 73. Kh3 Ng6 74. Kg3 Nf4 75. Kf3 h5 76. Kg3 h4+ 77. Kh2 Kg4 78. Kh1 Kg3 79. Kg1 Nh3+ 80. Kh1 Nf2+ 0-1

[Event "CZE-chT2d 0607"]
[Site "Czech Republic"]
[Date "2007.02.11"]
[Round "7"]
[White "Fojtach, Ivan"]
[Black "Stodolova, Kristyna"]
[Result "1-0"]
[WhiteElo "2025"]
[BlackElo "2038"]
[PlyCount "79"]
[EventDate "2006.10.15"]
[EventType "team"]
[EventRounds "11"]
[EventCountry "CZE"]
[SourceTitle "EXT 2009"]
[Source "ChessBase"]
[SourceDate "2008.11.26"]
[SourceVersion "1"]
[SourceVersionDate "2008.11.26"]
[SourceQuality "1"]

1. e4 Nf6 2. e5 Nd5 3. d4 d6 4. Nf3 Nb6 5. exd6 exd6 6. Bd3 Be7 7. h3 Nc6 8. c3 Be6 9. b3 Bf6 10. 0-0 0-0 11. Nbd2 d5 12. Re1 Re8 13. Nf1 Nc8 14. Ng3 Nd6 15. Nh5 Be7 16. Qc2 Ne4 17. Bxe4 dxe4 18. Qxe4 g6 19. Ng3 Bf6 20. Bf4 h5 21. Qc2 h4 22. Ne4 Be7 23. Qd2 Bf5 24. d5 Nb8 25. Qd4 Nd7 26. Bh6 Bf8 27. Bxf8 Rxf8 28. Neg5 Qf6 29. Qxh4 Qg7 30. Nd4 Rfe8 31. Nxf5 gxf5 32. c4 Ne5 33. Qg3 Rad8 34. Re3 Nxc4 35. Rxe8+ Rxe8 36. Rc1 Nb6 37. Rxc7 Nxd5 38. Rxf7 Qg6 39. Rxb7 a6 40. Nf3 1-0

[Event "CZE-chT2d 0405"]
[Site "Czech Republic"]
[Date "2005.??.??"]
[Round "9"]
[White "Cap, Martin"]
[Black "Fojtach, Ivan"]
[Result "1/2-1/2"]
[WhiteElo "2055"]
[BlackElo "2020"]
[PlyCount "53"]
[EventDate "2004.10.??"]
[EventType "team"]
[EventRounds "11"]
[EventCountry "CZE"]
[SourceTitle "EXT 2007"]
[Source "ChessBase"]
[SourceDate "2006.11.23"]
[SourceVersion "1"]
[SourceVersionDate "2006.11.23"]
[SourceQuality "1"]

1. e4 c5 2. c3 e6 3. d4 d5 4. exd5 exd5 5. Nf3 Bd6 6. Bg5 Ne7 7. Bd3 c4 8. Bc2 h6 9. Bh4 0-0 10. 0-0 Qc7 11. b3 Nf5 12. Bg3 Nxg3 13. hxg3 Bg4 14. bxc4 Qxc4 15. Bb3 Qc6 16. Qd3 Nd7 17. Nbd2 Rac8 18. Rac1 Ba3 19. Rce1 Bxf3 20. Nxf3 Qxc3 21. Qxc3 Rxc3 22. Bxd5 b6 23. Re2 Rfc8 24. Rfe1 Rc1 25. Rxc1 Rxc1+ 26. Re1 Kf8 27. Rxc1 1/2-1/2

[Event "CZE-chT2d 0405"]
[Site "Czech Republic"]
[Date "2004.??.??"]
[Round "2"]
[White "Fojtach, Ivan"]
[Black "Krondraf, Karel"]
[Result "0-1"]
[WhiteElo "2045"]
[BlackElo "2150"]
[PlyCount "100"]
[EventDate "2004.10.??"]
[EventType "team"]
[EventRounds "11"]
[EventCountry "CZE"]
[SourceTitle "EXT 2007"]
[Source "ChessBase"]
[SourceDate "2006.11.23"]
[SourceVersion "1"]
[SourceVersionDate "2006.11.23"]
[SourceQuality "1"]

1. Nf3 Nf6 2. g3 g6 3. Bg2 Bg7 4. 0-0 0-0 5. c4 e6 6. d4 d5 7. Nc3 Nbd7 8. b3 c5 9. cxd5 Nxd5 10. Nxd5 exd5 11. Bg5 Qa5 12. Rc1 cxd4 13. Nxd4 a6 14. Rc2 Nf6 15. Qc1 Re8 16. Bh6 Bh8 17. Rd1 Ne4 18. Bxe4 dxe4 19. Qg5 Qxg5 20. Bxg5 Bg4 21. Kg2 Rac8 22. h3 Rxc2 23. Nxc2 Bxe2 24. Rd7 Bf3+ 25. Kh2 Rc8 26. Nb4 Bd4 27. Bh6 Bg7 28. Nd5 Re8 29. Be3 f5 30. Bb6 Kh8 31. a4 Be5 32. a5 g5 33. Be3 f4 34. gxf4 gxf4 35. Bxf4 Bxf4+ 36. Nxf4 Rf8 37. Ne6 Rg8 38. Rd8 Rxd8 39. Nxd8 Kg7 40. Nxb7 e3 41. fxe3 Bxb7 42. Kg3 Kf6 43. Kf4 Bd5 44. b4 Bc6 45. h4 Bb7 46. Kg4 Ke5 47. Kg5 Be4 48. Kg4 Bd3 49. Kg5 Ke4 50. b5 axb5 0-1

[Event "MOR-chT2S 0203"]
[Site "Moravia"]
[Date "2003.03.16"]
[Round "10"]
[White "Mares, Jaroslav"]
[Black "Fojtach, Ivan"]
[Result "1/2-1/2"]
[WhiteElo "2153"]
[BlackElo "2048"]
[PlyCount "52"]
[EventDate "2002.10.??"]
[EventType "team"]
[EventRounds "11"]
[EventCountry "CZE"]
[SourceTitle "EXT 2006"]
[Source "ChessBase"]
[SourceDate "2005.11.24"]
[SourceVersion "1"]
[SourceVersionDate "2005.11.24"]
[SourceQuality "1"]

1. c4 e5 2. Nc3 Nc6 3. g3 d6 4. Bg2 Be6 5. d3 Qd7 6. a3 a5 7. Rb1 Nge7 8. e4 Nd4 9. b4 axb4 10. axb4 c6 11. Nge2 Nxe2 12. Qxe2 g6 13. 0-0 Bg7 14. Bb2 0-0 15. Qc2 b6 16. Na4 Qc7 17. c5 dxc5 18. bxc5 b5 19. Nc3 Ra6 20. Ne2 Rd8 21. f4 f6 22. Rfd1 Ra4 23. Ra1 Rda8 24. Rxa4 Rxa4 25. Nc3 Rb4 26. Qf2 Rd4 1/2-1/2

[Event "MOR-chT2S 0203"]
[Site "Moravia"]
[Date "2003.01.12"]
[Round "6"]
[White "Fojtik, Tomas"]
[Black "Fojtach, Ivan"]
[Result "1/2-1/2"]
[WhiteElo "2034"]
[BlackElo "2048"]
[PlyCount "94"]
[EventDate "2002.10.??"]
[EventType "team"]
[EventRounds "11"]
[EventCountry "CZE"]
[SourceTitle "EXT 2006"]
[Source "ChessBase"]
[SourceDate "2005.11.24"]
[SourceVersion "1"]
[SourceVersionDate "2005.11.24"]
[SourceQuality "1"]

1. d4 d6 2. c4 e5 3. d5 f5 4. Nc3 Nf6 5. g3 Be7 6. Bg2 0-0 7. Nf3 h6 8. 0-0 g5 9. Qc2 Nh7 10. b4 a5 11. bxa5 Rxa5 12. Bb2 Nd7 13. Na4 b6 14. Bc3 Ra7 15. Nb2 Nc5 16. Nd2 Bd7 17. a4 Qa8 18. Bxe5 dxe5 19. d6 Qe8 20. dxe7 Qxe7 21. a5 bxa5 22. Qc3 e4 23. Rxa5 Rxa5 24. Qxa5 Bc6 25. Qb4 Qe5 26. Nd1 f4 27. Qc3 Qxc3 28. Nxc3 f3 29. exf3 exf3 30. Bh3 h5 31. Re1 g4 32. Bf1 Re8 33. Rxe8+ Bxe8 34. Nde4 Nxe4 35. Nxe4 Bg6 36. Nc5 Nf8 37. Bd3 Bxd3 38. Nxd3 Ne6 39. Kf1 Kg7 40. Ke1 Kf6 41. Kd2 Kf5 42. Ke3 c5 43. Nb2 Ng5 44. Nd3 Ne6 45. Nb2 Ng5 46. Nd3 Ne6 47. Nb2 Ng5 1/2-1/2

[Event "CZE-chT2d 0304"]
[Site "Czech Republic"]
[Date "2003.??.??"]
[Round "?"]
[White "Fojtach, Ivan"]
[Black "Cupal, Miroslav"]
[Result "1-0"]
[WhiteElo "2048"]
[BlackElo "1949"]
[PlyCount "57"]
[EventDate "2003.??.??"]
[EventType "team"]
[EventRounds "11"]
[EventCountry "CZE"]
[SourceTitle "EXT 2007"]
[Source "ChessBase"]
[SourceDate "2006.11.23"]
[SourceVersion "1"]
[SourceVersionDate "2006.11.23"]
[SourceQuality "1"]

1. Nf3 d5 2. c4 e6 3. g3 c5 4. Bg2 Nf6 5. 0-0 Be7 6. cxd5 exd5 7. d4 0-0 8. dxc5 Bxc5 9. Bg5 d4 10. Nbd2 Nc6 11. Bxf6 Qxf6 12. Ne4 Qe7 13. Nxc5 Qxc5 14. Rc1 Qb6 15. Qc2 h6 16. b3 Re8 17. Rfd1 Bg4 18. Rd2 Rad8 19. h3 Bxf3 20. Bxf3 Ne5 21. Bg2 Rd7 22. Qc5 Qa6 23. Rxd4 Rxd4 24. Qxd4 Qxa2 25. Qe3 Re7 26. Rc8+ Kh7 27. Be4+ g6 28. Qc5 Qa1+ 29. Kg2 1-0

[Event "MOR-chT2S 0203"]
[Site "Moravia"]
[Date "2002.11.17"]
[Round "3"]
[White "Brychta, Jan"]
[Black "Fojtach, Ivan"]
[Result "1-0"]
[WhiteElo "2160"]
[BlackElo "2048"]
[PlyCount "79"]
[EventDate "2002.10.??"]
[EventType "team"]
[EventRounds "11"]
[EventCountry "CZE"]
[SourceTitle "EXT 2006"]
[Source "ChessBase"]
[SourceDate "2005.11.24"]
[SourceVersion "1"]
[SourceVersionDate "2005.11.24"]
[SourceQuality "1"]

1. e4 e5 2. Nf3 Nc6 3. Nc3 Nf6 4. d4 exd4 5. Nxd4 Bb4 6. Nxc6 bxc6 7. Bd3 d5 8. exd5 cxd5 9. 0-0 0-0 10. Bg5 Be6 11. Ne2 h6 12. Bh4 Be7 13. Nd4 Bd7 14. Re1 c5 15. Nf5 Bxf5 16. Bxf5 g6 17. Bd3 Kg7 18. Qf3 c4 19. Bf1 Ne4 20. Bxe7 Qxe7 21. Bxc4 Qc5 22. Bxd5 Nxf2 23. Qc3+ Qxc3 24. bxc3 Rad8 25. Bf3 Rd2 26. Rf1 Nh3+ 27. gxh3 Rc8 28. Be4 Rxc3 29. Bd3 Rc5 30. Rad1 Rg5+ 31. Kh1 Rxd1 32. Rxd1 f5 33. Bc4 Kf6 34. Rd5 Rh5 35. Rd6+ Kg5 36. Kg2 Kf4 37. Rxg6 Ke3 38. Re6+ Kd4 39. Bd3 Kd5 40. Ra6 1-0